| 000 | 01016cam a2200301 a 4500 | ||
|---|---|---|---|
| 001 | 5872 | ||
| 003 | BD-RjUL | ||
| 005 | 20211208234138.0 | ||
| 008 | 140107s1978 ctu b 001 0 eng | ||
| 020 | _a031320313X : | ||
| 035 | _a(BD-RjUL)5911 | ||
| 040 |
_aLC _beng _cLC _dVMOU _dBD-RjUL |
||
| 041 | _aeng | ||
| 082 | 0 | 4 |
_a355.033573 _bPAM 1978 |
| 100 | 1 |
_aPalmer, Gregory. _918436 |
|
| 245 | 1 | 4 |
_aThe McNamara strategy and the Vietnam War : _bprogram budgeting in the Pentagon, 1960-1968 / _cby Gregory Palmer. |
| 260 |
_aWestport, Conn. : _bGreenwood Press, _c1978. |
||
| 300 |
_a169 p. ; _c22 cm. |
||
| 504 | _aIncludes bibliography and index. | ||
| 610 | 1 | 0 |
_aUnited States. _bDepartment of Defense _938157 |
| 650 | 0 |
_aProgram budgeting _zUnited States. _99303 |
|
| 650 | 0 |
_aVietnam War, 1961-1975 _zUnited States. _95922 |
|
| 651 | 0 |
_aUnited States _xMilitary policy. _96008 |
|
| 942 |
_2ddc _cBK |
||
| 999 |
_c5872 _d5872 |
||